000 00362nam a22001097a 4500
999 _c507097
_d507097
082 _aL714x54 G941
100 _aGovernment of India, Planning commission
_9592
245 _aGuidelines for public private partnership
_bPre-Qualification of Bidders
_cPlanning commission
260 _aNew Delhi
_bPlanning Commission
_c2009
300 _a91p.
650 _aEconomics
_9593